=LDR 00000nam 2200000 4500 =001 INLIS000000000024393 =005 20130612123001 =008 ***********************************Ind** =035 ##$$0010-061300000024393 =041 ##$$a Ind =082 ##$$a 657.458 =090 ##$$a 657.458, Cou p =100 ##$$a Courtemanche, Gil =245 ##$$a Pandangan baru internal auditing, Gil Courtemanche =260 ##$$a 1997 $b Yogyakarta =300 ##$$a 250 hlm, 21 cm =650 ##$$a Akuntansi =850 ##$$a NBPNMAT =990 ##$$a 1105811058 =990 ##$$a 01201711058 =990 ##$$a 115.298/Pro.97 =990 ##$$a 00050592